Statistics for Country Ending- E

Click here to take the quiz!

General Stats

  • This quiz has been taken 68 times
  • The average score is 10 of 12

Answer Stats

HintAnswer% Correct
BBelize
97%
FFrance
95%
UUkraine
95%
ZZimbabwe
93%
GGreece
90%
CChile
83%
SSingapore
83%
SSuriname
83%
MMozambique
81%
CCape Verde
76%
SSierra Leone
74%
SSao Tome and Principe
69%

Score Distribution

Percentile by Number Answered

Percent of People with Each Score

Your Score History

You have not taken this quiz